| 000 | 01606 a2200253 4500 | ||
|---|---|---|---|
| 003 | Nust | ||
| 005 | 20221028105309.0 | ||
| 010 | _a 2005298038 | ||
| 020 | _a1574447106 | ||
| 035 | _a(OCoLC)ocm60313531 | ||
| 040 | _cNust | ||
| 082 | 0 | 0 | _a621.315,NAT |
| 100 | 1 |
_aNatarajan, Ramasamy, _958870 |
|
| 245 | 1 | 0 |
_aPower system capacitors / _cRamasamy Natarajan. |
| 260 |
_aBoca Raton, FL : _bTaylor & Francis, _c2005. |
||
| 300 |
_axxii, 552 p. : _bill. ; _c24 cm. |
||
| 490 | 1 | _aPower engineering | |
| 505 | _aIntroduction (Page-1), Capacitor Fundamentals (Page-17), Power Factor Concepts (Page-35), Industry Standards (Page-47), Capacitor Specifications (Page-61),Testing of Capacitors (Page-85), Locations of Shunt Capacitor (Page-97), Power Factor Improvement (Page-125), System Benefits (Page-141), Series Capacitor (Page-155), Surge Capacitor (Page-183), Capacitor of Motor Applications (Page-199), Capacitor for Miscellaneous Applications (Page-221), State VAR Compensators (Page-245), Protection of Stunt Capacitor (Page-267), Over Current Protection (Page-287), Circuits Breakers (Page-309), Surge Protection (Page-337), Maintenance and Troubleshooting (Page-367), Harmonic Filtering (Page-389), Capacitor Transformer Transistor (Page-415), Capacitor Switching (Page-429), Induced Voltages in Control Cables (Page-451), Economic Analysis (Page-469). | ||
| 650 | 0 |
_aCapacitors. _941385 |
|
| 650 | 0 | _aElectrical engineering. | |
| 830 | 0 |
_aPower engineering series. _9101604 |
|
| 856 | 4 | 2 |
_3Publisher description _uhttp://www.loc.gov/catdir/enhancements/fy0648/2005298038-d.html |
| 942 |
_2ddc _cBK |
||
| 999 |
_c180792 _d180792 |
||